| 000 | 005120000a22001690004500 | ||
|---|---|---|---|
| 090 |
_aAR _b02651 |
||
| 245 | 1 | 0 | _aSleeping perch selection in the lizard Anolis ventrimaculatus |
| 650 | 1 | 4 |
_aHerpetología _98027 |
| 650 | 1 | 4 |
_aEtología _97606 |
| 650 | 1 | 4 |
_aRelación planta-animal _992861 |
| 651 | 4 |
_dValle del Cauca _pColombia _992749 |
|
| 653 |
_gAnolis _eAnolis ventrimaculatus |
||
| 041 | 0 | _aInglés | |
| 100 | 1 |
_aKattan, Gustavo H. _94374 |
|
| 942 | _cARTICULO | ||
| 773 | 1 |
_tBiotropica _39 _h4 _q328-328 _d1984 _g16 |
|
| 999 |
_c11713 _d11713 |
||